Celebrity Crossdresser Slideshow Quiz Stats

Quiz not verified by Sporcle

Also try: Musical by Clip
Challenge
Share
Tweet
Score 0/25 Timer 07:00
0 Plays Today
% Correct
John Travolta
88.6%
Robin Williams
87.2%
Adam Sandler
82.2%
Daniel Craig
77.5%
Dustin Hoffman
69.4%
Johnny Depp
68.3%
Hilary Swank
67.2%
Martin Lawrence
63.1%
Glenn Close
60%
Patrick Swayze
56.7%
Steven Tyler
51.7%
Cate Blanchett
51.7%
Zach Braff
51.1%
% Correct
David Duchovny
50.3%
Katy Perry
48.1%
Lady Gaga
47.2%
Rob Schneider
46.7%
Eminem
45.8%
Katharine Hepburn
42.5%
Salma Hayek
41.9%
Mariah Carey
35.6%
Matt LeBlanc
32.8%
Angelina Jolie
30.3%
Rudy Giuliani
16.4%
Guy Pearce
7.5%

You're not logged in!

Compare scores with friends on all Sporcle quizzes.
Sign Up with Email
OR
Log In

You Might Also Like...

Show Comments

Extras

Top Quizzes Today


Score Distribution

Your Account Isn't Verified!

In order to create a playlist on Sporcle, you need to verify the email address you used during registration. Go to your Sporcle Settings to finish the process.